02485nam a2200301 a 4500001001500000003001200015005001700027008004100044020003600085020001900121040000600140050001100146082002700157100001700184245010900201250001200310260003200322300002100354520134700375650002701722700002101749700001401770856008201784942001201866999001901878952014301897952014302040ASIN1439813361Nust- CAS-E20180118181352.0140203s2009 xxu eng d a1439813361 (hardcover)c$209.95 a9781439813362  c004aTK293104a621.3124223bHUA 2009 4Huang,Kevin 10aSolid oxide fuel cell technology :bprinciples, performance and operations /cK. Huang, J.B. Goodenough. a1st ed. a[S.l.] :bCRC Press,c2009. a340 p. ;c24 cm. aHigh temperature solid oxide fuel cell (SOFC) technology is a promising power generation option that features high electrical efficiency and low emissions of environmentally polluting gases, such as CO2, Nox, and Sox. The technology is ideal for distributed stationary power generation applications where both high efficiency electricity and high quality heat are in strong demand. For the past few decades, SOFC technology has attracted intense worldwide R&D effort and, along with polymer electrolyte membrane fuel cell (PEMFC) technology, has undergone extensive commercialization development. This systematic, in-depth book provides comprehensive theoretical analysis and innovative characterization techniques for SOFC technology. It first deals with the basics and development of SOFC technology, from cell materials to fundamental thermodynamics, electronic properties of solids, and charged particle transport. Coverage includes a thorough analysis of such operational features as current flow and energy balance as well as voltage losses and electrical efficiency. Chapters on performance characterization, fuel processing, and electrode poisoning cover the important issues of fuel cell stability and durability. The text concludes with a review for SOFC materials and fabrication techniques.http://chopac.org/tools/azn2marc.user.js 0aSolid oxide fuel cells1 aGoodenough, J.B.1 aHuang, K.403Amazon.comuhttp://www.amazon.com/exec/obidos/ASIN/1439813361/chopaconline-20 2ddccBK c355188d355188 00102ddc 4070aCAS-EbCAS-EcGENd2013-04-09eVictoria col0o621.3124 HUA 2009pCAS-E0000017r2014-02-03t01v23024.00w2014-02-03yBK 00102ddc 4070aCAS-EbCAS-EcGENd2013-04-09eVictoria col0o621.3124 HUA 2009pCAS-E0000018r2014-02-03t02v23024.00w2014-02-03yBK